000 00819nam a2200217 a 4500
001 000024987
005 20200930023506.0
008 110201s1972 ag r 000 0 spa d
040 _aDO-SdBNP
_bspa
_cBNPHU
041 1 7 _aspa
_heng
_2Código de idiomas MARC
082 _ann*
_bnn*
100 1 _aPopham, W. James.
_951272
240 1 0 _aEstablishing instructional goals.
_lEspañol
245 1 4 _aLos objetivos de la enseñanza /
_cW. James Popham y Eva L. Baker ; traducción de Sibila Martin.
260 _aBuenos Aires :
_bPaidos ;
_bCentro Regional de Ayuda Técnica. Agencia para el Desarrollo Internacional,
_c1972.
300 _a124 p. ;
_c22 cm.
534 _aTítulo del original :
_tEstablishing instructional goals
700 1 _aMartin, Sibila,
_etr.
_951273
700 1 _aBaker, Eva L.
_951274
049 _aBNGR
999 _c24480
_d24480